000 00274nam a2200121Ia 4500
100 _aNone
650 _aTurner
942 _cBK
654 _aTurner unsolved papers
245 _aTurner unsolved papers with syllabur
260 _bNew Heights
_aNew Delhi
546 _aENGLISH
999 _c32875
_d32875